| 000 | 00370nam a2200145Ia 4500 | ||
|---|---|---|---|
| 005 | 20250516020804.0 | ||
| 008 | 240331s9999 xx 000 0 und d | ||
| 082 |
_a282 _bFER |
||
| 100 | _aFrenando, J.A | ||
| 245 | 0 | _aNuthana katholika sabawa | |
| 260 |
_aNugegoda _bM.D.Gunasena Books _c1970 |
||
| 300 | _a303 p ., | ||
| 500 | _aBook regarding Catholic Church | ||
| 942 | _cL | ||
| 999 |
_c836 _d836 |
||